header

Improvement of cocoa tree resistance to Phytophthora diseases (Record no. 168381)

MARC details
000 -LEADER
fixed length control field 01025nam a2200265Ia 4500
245 00 - TITLE STATEMENT
Title Improvement of cocoa tree resistance to Phytophthora diseases
260 ## - PUBLICATION, DISTRIBUTION, ETC. (IMPRINT)
Place of publication Versailles :
Name of publisher Quae,
Year of publication 2004.
300 ## - PHYSICAL DESCRIPTION
Number of Pages 171 p.
650 #0 - SUBJECT ADDED ENTRY--TOPICAL TERM
Topical Term Plant genetics.
Topical Term Plant breeding.
856 40 - ELECTRONIC LOCATION AND ACCESS
Uniform Resource Identifier http://site.ebrary.com/lib/rucke/Doc?id=10678208

No items available.

© 2026 Rongo University
Contact us: librarian | system librarian | Rongo university